MARC details
| 000 -LEADER |
| campo de control de longitud fija |
01971nam a2200421 i 4500 |
| 001 - NÚMERO DE CONTROL |
| campo de control |
193095 |
| 003 - IDENTIFICADOR DE NÚMERO DE CONTROL |
| campo de control |
SpMaBN |
| 005 - FECHA Y HORA DE LA ÚLTIMA TRANSACCIÓN |
| campo de control |
20240708063025.0 |
| 007 - CAMPO FIJO DE DESCRIPCIÓN FÍSICA--INFORMACIÓN GENERAL |
| campo de control de longitud fija |
ta |
| 008 - DATOS DE LONGITUD FIJA--INFORMACIÓN GENERAL |
| campo de control de longitud fija |
230727s2019 sp a | |||| 000 0 spa |
| 017 ## - NÚMERO DE COPYRIGHT O DE DEPÓSITO LEGAL |
| Número de copyright o de depósito legal |
M 3467-2019 |
| Agencia que asigna |
Oficina Depósito Legal Madrid |
| 020 ## - NÚMERO INTERNACIONAL ESTÁNDAR DEL LIBRO |
| Número Internacional Estándar del Libro |
9788478127993 |
| 035 ## - NÚMERO DE CONTROL DEL SISTEMA |
| Número de control de sistema |
(OCoLC)1117438168 |
| 035 ## - NÚMERO DE CONTROL DEL SISTEMA |
| Número de control de sistema |
a6469070 |
| 040 ## - FUENTE DE CATALOGACIÓN |
| Centro catalogador/agencia de origen |
SpMaBN |
| Lengua de catalogación |
spa |
| Centro/agencia transcriptor |
SpMaBN |
| Normas de descripción |
rda |
| 080 ## - NÚMERO DE LA CLASIFICACIÓN DECIMAL UNIVERSAL |
| Número de la Clasificación Decimal Universal |
37.014(460)"1931/39"(083.824) |
| 245 00 - MENCIÓN DEL TÍTULO |
| Título |
Diarios de libertad : |
| Resto del título |
maestras y pedagogas de la II República / |
| Mención de responsabilidad, etc. |
comisariado, ideación y concepto, Carmen García Colmenares, Susana de Andrés del Campo, Rocío Collado Alonso, Rodrigo González Martín ; textos, Carmen García Colmenares, Rocío Collado Alonso, Susana de Andrés del Campo, Rodrigo González Martín |
| 250 ## - MENCION DE EDICION |
| Mención de edición |
Edición: Madrid 2018 |
| 264 #1 - PRODUCCIÓN, PUBLICACIÓN, DISTRIBUCIÓN, FABRICACIÓN Y COPYRIGHT |
| Producción, publicación, distribución, fabricación y copyright |
[Madrid] : |
| Nombre del de productor, editor, distribuidor, fabricante |
Ayuntamiento de Madrid, |
| Fecha de producción, publicación, distribución, fabricación o copyright |
[2019] |
| 300 ## - DESCRIPCIÓN FÍSICA |
| Extensión |
120 páginas : |
| Otras características físicas |
ilustraciones (color), fotografías (blanco y negro y color) ; |
| Dimensiones |
21 cm |
| 336 ## - TIPO DE CONTENIDO |
| Término de tipo de contenido |
Texto |
| Fuente |
rdacontent |
| 337 ## - TIPO DE MEDIO |
| Nombre/término del tipo de medio |
sin mediación |
| Fuente |
rdamedia |
| 338 ## - TIPO DE SOPORTE |
| Nombre/término del tipo de soporte |
volumen |
| Fuente |
rdacarrier |
| 500 ## - NOTA GENERAL |
| Nota general |
"Una exposición de FeSP UGT, Ciudad de Memoria, Madrid"--Cubierta |
| 500 ## - NOTA GENERAL |
| Nota general |
Catalogación provisional Signatura: N 8573. Depósito J. |
| 504 ## - NOTA DE BIBLIOGRAFÍA, ETC. |
| Nota de bibliografía, etc. |
Bibliografía: páginas 117-120 |
| 650 #7 - PUNTO DE ACCESO ADICIONAL DE MATERIA--TÉRMINO DE MATERIA |
| Término de materia o nombre geográfico como elemento de entrada |
Profesoras de enseñanza primaria |
| Subdivisión geográfica |
España |
| Subdivisión cronológica |
1931-1939 |
| Subdivisión de forma |
Exposiciones |
| Fuente del encabezamiento o término |
embne |
| 9 (RLIN) |
233937 |
| 700 1# - ENTRADA AGREGADA--NOMBRE PERSONAL |
| Nombre de persona |
García Colmenares, Carmen |
| 9 (RLIN) |
173664 |
| Término indicativo de función/relación |
Comisario |
| 700 0# - ENTRADA AGREGADA--NOMBRE PERSONAL |
| Nombre de persona |
Andrés del Campo, Susana de |
| 9 (RLIN) |
21602 |
| Término indicativo de función/relación |
Comisario |
| 700 1# - ENTRADA AGREGADA--NOMBRE PERSONAL |
| Nombre de persona |
Collado Alonso, Rocío |
| 9 (RLIN) |
233938 |
| Término indicativo de función/relación |
Comisario |
| 700 1# - ENTRADA AGREGADA--NOMBRE PERSONAL |
| Nombre de persona |
González Martín, Rodrigo |
| 9 (RLIN) |
233939 |
| 852 ## - LOCALIZACIÓN |
| Ubicación |
ES-MaACL |
| itemnumber |
200403 |
| Sublocalización o colección |
R.152725 |
| Número de control de estantería |
N-8573 |
| Ubicación en estantería |
Depósito J |
| Nota libre |
En proceso |
| 942 ## - ELEMENTOS DE ENTRADA SECUNDARIOS (KOHA) |
| Suprimir en OPAC |
No |
| Tipo de ítem Koha |
Libro impreso |